00757nam a2200217Ia 4500001001000000003000500010008004100015010001100056040000900067082001900076100001500095245015900110260008100269300001000350440002700360500004600387650002200433650001600455650003800471700003000509Para_7326CHAP220125s1999 xx 000 0 und d a206214 cCHAP aPA-C 637.1 B85 aFitch, CP. aForther studies of the test-tube aglutination test for the diagnosis of bany's disease (contagious abortion) /c by C.P. Fitch, C.R. Donham and W.L. Boyd aSt. Paul, Minn. :b University of Minnesota. Agricultural Experiment Station a69 p. aTechnical bulletin; 73 aEncuadernado con otros impresos similares aBrucella Aborthus aBrucelosis  aLeche x colecciones de escritos  aDonham, C.R. / Bord, W.L.